000 02635cam a2200481 i 4500
001 200468123
003 TR-AnTOB
005 20260415141549.0
007 ta
008 260415s19641964nyu b 000 0deng
010 _a 64013958
016 _a(AMICUS)000001417652
016 7 _a002557775
_2Uk
035 _a(CLU)2353392-ucladb-Voyager
035 _a(OCoLC)00290597
_z(OCoLC)8468054
_z(OCoLC)13055985
_z(OCoLC)562434098
_z(OCoLC)622262607
_z(OCoLC)774431276
_z(OCoLC)779024747
_z(OCoLC)794677221
_z(OCoLC)877167439
_z(OCoLC)1191307965
_z(OCoLC)1200989219
_z(OCoLC)1201588486
_z(OCoLC)1201627388
_z(OCoLC)1201861487
_z(OCoLC)1201886635
_z(OCoLC)1201890489
_z(OCoLC)1201919854
_z(OCoLC)1201986492
_z(OCoLC)1277105169
035 _a(OCoLC)ocm00290597
035 _a(EXLNZ-01UCS_NETWORK)9912847812806531
035 _a(TR-AnTOB)200468123
040 _aDLC
_beng
_erda
_cDLC
_dNMN
_dOCLCQ
_dBAKER
_dNLGGC
_dBTCTA
_dOCLCG
_dYDXCP
_dDEBBG
_dTXMLR
_dEUM
_dOCLCO
_dGBVCP
_dP4I
_dOCLCQ
_dOCLCF
_dOCLCO
_dGYG
_dLMR
_dLET
_dUKMGB
_dOCLCO
_dIOL
_dNLC
_dTYC
_dOCLCQ
_dOCLCO
_dOCLCQ
_dYT6
_dOCLCA
_dOCLCQ
_dOCLCO
_dJDP
_dOCLCO
_dOCL
_dCBA
_dOCLCO
_dCTX
_dZNC
_dOCLCO
_dYBM
_dOCLCO
_dJ9U
_dOCL
_dOCLCO
_dOIP
_dHWARD
_dU5D
_dOCLCO
_dOCLCA
_dOCLCL
_dLWA
_dOCLCQ
_dOCLCO
_dTR-AnTOB
041 0 _aeng
050 0 0 _aPS3539.H94
_bZ77 1964
090 _aPS3539.H94
_bZ77 1964
100 1 _aMorsberger, Robert E.
_q(Robert Eustis),
_d1929-2019
_eauthor
_4aut
_968170
245 1 0 _aJames Thurber /
_cby Robert E. Morsberger.
264 1 _aNew York :
_bTwayne Publishers,
_c[1964]
264 4 _c©1964
300 _a224 pages ;
_c21 cm
336 _atext
_btxt
_2rdacontent
337 _aunmediated
_bn
_2rdamedia
338 _avolume
_bnc
_2rdacarrier
490 0 _aTwayne's United States authors series ;
_v62
504 _aBIB
505 0 _aPredicaments and perplexities -- The romantic imagination -- Men, women and war -- Less alarming creatures -- Columbus, cocktails and conformity -- The male animal and the political animal -- Thurber and Thespis -- Thurber's drawings -- Literature and language -- Conclusion.
520 _aA critical analysis of Thurber's writings in the context of his times.
600 1 0 _aThurber, James,
_d1894-1961
_xCriticism and interpretation
_9153671
650 0 _aHumorous stories, American
_xHistory and criticism
_9153672
650 0 _aAmerican wit and humor
_xHistory and criticism
_9153673
655 7 _aBiographies
_2lcgft
_0http://id.loc.gov/authorities/genreForms/gf2014026049
_9146142
655 7 _aLiterary criticism
_2lcgft
_0http://id.loc.gov/authorities/genreForms/gf2017026126
_9153224
942 _2lcc
_cBK
999 _c200468123
_d86335